Tűz a Szabadság moziban
Elmentve itt :
| Dokumentumtípus: | Cikk |
|---|---|
| Megjelent: |
1968-12-01
|
| Sorozat: | Délmagyarország
58 No. 282 |
| Kulcsszavak: | Tűzeset Szeged 1968, film |
| Online Access: | http://dmarchiv.bibl.u-szeged.hu/75422 |
| LEADER | 00408nab a2200145 i 4500 | ||
|---|---|---|---|
| 001 | delm75422 | ||
| 005 | 20180928084318.0 | ||
| 008 | 180928s1968 hu o 0|| hun d | ||
| 040 | |a SZTE Délmagyarország Archívum |b hun | ||
| 041 | |a hun | ||
| 245 | 0 | 0 | |a Tűz a Szabadság moziban |h [elektronikus dokumentum] |
| 260 | |c 1968-12-01 | ||
| 300 | |a 11 | ||
| 490 | 0 | |a Délmagyarország |v 58 No. 282 | |
| 695 | |a Tűzeset Szeged 1968, film | ||